FC Bayern München Kader Saison 2008/2009 - Statistiken

Allgemein
  • Dieses Quiz wurde 63 mal gespielt
    39 seit der letzten Aktualisierung
  • Das Durchschnittsergebnis liegt bei 21 aus 25
Antwortstatistiken
Nummer Nation Spieler % Korrekt
9 Italien Luca Toni
100%
31 Deutschland Bastian Schweinsteiger
97%
7 Frankreich Franck Ribéry
97%
8 Türkei Hamit Altintop
97%
18 Deutschland Miroslav Klose
97%
21 Deutschland Philipp Lahm
97%
25 Deutschland Thomas Müller
97%
5 Belgien Daniel van Buyten
94%
17 Niederlande Mark van Bommel
94%
6 Argentinien Martín Demichelis
94%
1 Deutschland Michael Rensing
94%
39 Deutschland Toni Kroos
91%
22 Deutschland Hans-Jörg Butt
88%
20 Argentinien José Ernesto Sosa
84%
11 Deutschland Lukas Podolski
84%
33 Brasilien Breno
81%
3 Brasilien Lúcio
81%
2 Frankreich Willy Sagnol
81%
15 Brasilien Zé Roberto
75%
16 Deutschland Andreas Ottl
72%
28 Deutschland Holger Badstuber
72%
23 Italien Massimo Oddo
72%
35 Deutschland Thomas Kraft
69%
30 Deutschland Christian Lell
63%
24 Deutschland Tim Borowski
50%
Keine übereinstimmenden Quizze gefunden
Verteilung der Resultate
Anzahl Personen mit jedem Resultat
Perzentil nach korrekt beantworteten Fragen
Ihre Resultats-Entwicklung
Sie haben dieses Quiz seit der letzten Aktualisierung nicht gespielt